| 000 | 00845na a2200277 4500 | ||
|---|---|---|---|
| 001 | 21617 | ||
| 003 | MIRAKIL | ||
| 005 | 20181213155207.0 | ||
| 008 | 170206b tu 000 0 | ||
| 035 | _a21055 | ||
| 040 |
_aMilas _btur _cTR-AnCHP |
||
| 041 | _atur | ||
| 082 |
_a324.2383 _bU16 1986 |
||
| 090 | _a324.2383 U16 1986 | ||
| 110 | _aUlusal Birlik Partisi (UBP) | ||
| 245 |
_aUlusal Birlik Partisi tüzüğü ve programı _cUBP |
||
| 260 |
_a[y.y.] _bUBP _c1986 |
||
| 300 |
_a91 s. _c17 sm. |
||
| 610 |
_aUlusal Birlik Partisi (UBP) _xProgramlar, 1986 |
||
| 610 |
_aUlusal Birlik Partisi (UBP) _xTüzükler, 1986 |
||
| 610 |
_aUlusal Birlik Partisi (UBP) _xPropaganda ve ideolojiler |
||
| 650 |
_aMilliyetçi partiler _zKıbrıs |
||
| 710 | _aUlusal Birlik Partisi (UBP) | ||
| 830 | _aUlusal Birlik Partisi | ||
| 942 |
_2ddc _cBKS |
||
| 999 |
_c8339 _d8339 |
||